[Event "Feffernitz Raika op 20th"]
[Site "Feffernitz"]
[Date "2011.08.27"]
[Round "8"]
[White "Polster, Wolfgang"]
[Black "Kesik, Klaus Dieter"]
[Result "1-0"]
[WhiteElo "2267"]
[BlackElo "2210"]
[PlyCount "145"]
[EventDate "2011.08.21"]
[EventType "swiss"]
[EventRounds "9"]
[EventCountry "AUT"]
[SourceTitle "CBM 144 Extra"]
[Source "ChessBase"]
[SourceDate "2011.10.28"]
[SourceVersion "1"]
[SourceVersionDate "2011.10.28"]
[SourceQuality "1"]

1. f4 e5 2. fxe5 d6 3. exd6 Bxd6 4. Nf3 g5 5. g3 g4 6. Nh4 Ne7 7. d4 Ng6 8. Nxg6 hxg6 9. Qd3 Nc6 10. c3 Bf5 11. Qe3+ Kd7 12. Nd2 Qf8 13. Ne4 Qg7 14. Nxd6 cxd6 15. Bg2 Rae8 16. Qf4 Kc7 17. Kf2 Rh5 18. Bd2 Bd3 19. e4 f5 20. Rae1 g5 21. Qe3 Bxe4 22. d5 f4 23. gxf4 gxf4 24. Qxf4 Rf5 25. Qxf5 Bxf5 26. Rxe8 Ne5 27. Kg3 Qf7 28. Rh8 Qf6 29. Rh5 Bg6 30. Rf1 Nf3 31. Rg5 Bd3 32. Rf2 Be4 33. Rxg4 Qe5+ 34. Bf4 Qxd5 35. Bxf3 Bxf3 36. Rxf3 Qxa2 37. Rf2 Qb1 38. Rd2 Qg1+ 39. Kh4 Qe1+ 40. Kh5 Qe8+ 41. Rg6 b6 42. Rdxd6 Kb7 43. Rde6 Qf8 44. Kg4 Qc5 45. Rg7+ Ka6 46. Ree7 Qg1+ 47. Bg3 Qd1+ 48. Kh4 Qd8 49. Kh3 Qc8+ 50. Kg2 Qc6+ 51. Kg1 Qf3 52. Rxa7+ Kb5 53. Raf7 Qe3+ 54. Rf2 Qe1+ 55. Rf1 Qe3+ 56. Bf2 Qh6 57. Rg4 Kc6 58. Bd4 Qh3 59. Rg3 Qh7 60. c4 Qe4 61. Rf6+ Kd7 62. Bxb6 Qb1+ 63. Rf1 Qxb2 64. Be3 Qe2 65. Rc1 Kc6 66. Ra1 Kd6 67. Rc1 Kc6 68. Bf2 Qd2 69. Rg6+ Kc7 70. Ra1 Kb8 71. Rg8+ Kb7 72. Ra7+ Kc6 73. Rg6+ 1-0